| 000 | 01063nam a22003970a 4500 | ||
|---|---|---|---|
| 001 | PT45539 | ||
| 003 | AR-LpoUNG | ||
| 005 | 20210131231058.0 | ||
| 008 | 191001s2003||||fr |||||||||||||||||fre d | ||
| 020 |
_a2866455320 _c$13,33 |
||
| 040 |
_aAR-LpoUNG _bspa _cAR-LpoUNG _eaacr |
||
| 041 | _afre | ||
| 044 | _afr | ||
| 082 | 0 | _a982.068 1arg | |
| 100 | 1 |
_aQuattrocchi-Woisson, Diana _edir. |
|
| 245 | 1 | 0 |
_aArgentine : _benjeux et racines d'une société en crise |
| 250 | _a1§ ed. | ||
| 260 |
_aParís : _bTiempo - Le félin, _cjunio de 2003. |
||
| 300 |
_a393 p. : _bil. |
||
| 650 | 4 | _aANALISIS HISTORICO | |
| 650 | 4 | _aARGENTINA | |
| 650 | 4 | _aASPECTOS POLITICOS | |
| 650 | 4 | _aAUTORIDADES NACIONALES | |
| 650 | 4 | _aCONDICIONES ECONOMICAS | |
| 650 | 4 | _aCRISIS POLITICA | |
| 650 | 4 | _aCRISIS SOCIAL | |
| 650 | 4 | _aCULTURA | |
| 650 | 4 | _aHISTORIA | |
| 650 | 4 | _aPOLITICA NACIONAL | |
| 650 | 4 | _aPROBLEMAS POLITICOS | |
| 650 | 4 | _aPROBLEMAS SOCIALES | |
| 650 | 4 | _aRECESION ECONOMICA | |
| 651 | 4 | _aArgentina | |
| 905 | _a45539 | ||
| 942 | _cLSALA | ||
| 999 |
_c7876 _d7876 |
||